• 首页
  • 本馆介绍
  • 公告通知
  • 最新文献
  • 馆藏检索
  • 电子资源
  • 读者导购
  • 参考咨询
  • 我的图书馆
  • 登录
  • 详细信息显示
  • 放入我的书架
  • 预约/预借图书
  • 作者相关作品
  • 分类相关作品
  • 丛书相关作品
  • 出版社相关作品

书目信息

  • 表格格式
  • 工作单格式
  • 卡片格式
题名:
21世纪的政治冲突
    
 
作者: 卡利扎德, , 莱塞, 著 ;张淑文 译
分册:  
出版信息: 南京   江苏人民出版社  2000
页数: 210页
开本: 21cm
丛书名: 汉译大众精品书库
单 册:
中图分类: D51
科图分类:
主题词: 国际政治--guo ji zheng zhi--研究--21世纪
电子资源:
ISBN: 7-214-02776-3
000 01126nam0 2200301 45
001 CAL 012000921892
005 20031219104054.5
010    @a7-214-02776-3@dCNY11.00
100    @a20001023d2000 ekmy0chiy0121 ea
101 1  @achi@ceng
102    @aCN@b320000
105    @ay a 000yy
106    @ar
200 1  @a21世纪的政治冲突@A21 shi ji de zheng zhi chong tu@d= Sources of conflict in the 21st century@f(美) 扎尔米·卡利扎德, (美) 伊安·O·莱斯著@g张淑文译@zeng
210    @a南京@c江苏人民出版社@d2000
215    @a210页@d21cm
225 2  @a汉译大众精品书库@Ahan yi da zhong jing pin shu ku@i历史类
311    @a据Rand 1998年版译出
314    @a责任者规范汉译姓: 莱塞
410  0 @12001 @a汉译大众精品书库
454  1 @12001 @aSources of conflict in the 21st century@1701 1@aKhalilzad,@bZalmay
606 0  @a国际政治@Aguo ji zheng zhi@x研究@z21世纪
690    @aD51@v4
701  1 @a卡利扎德,@Aka li za de,@bZ.@g(Khalilzad, Zalmay)@4著
701  1 @a莱塞,@Alai sai@bI. O.@g(Lesser, Ian O.),@f1957- @4著
702  0 @a张淑文@Azhang shu wen@4译
801    @aCN@bTSTC@c20021101
905    @b308168@dD51@e84@f1
    
    21世纪的政治冲突= Sources of conflict in the 21st century/(美) 扎尔米·卡利扎德, (美) 伊安·O·莱斯著/张淑文译.-南京:江苏人民出版社,2000
    210页;21cm.-(汉译大众精品书库.历史类)
    译自:
    
    ISBN 7-214-02776-3:CNY11.00
    
●
相关链接 在E读中查询图书 在五车中查询图书 在当当中查询图书 在豆瓣中查询图书


正题名:21世纪的政治冲突     索取号:D51/84         预约/预借

序号 登录号 条形码 馆藏地/架位号 状态 备注
1 0308168   203081681   第一样本阅览室/ [索取号:D51/84] 在馆    
唐山师范学院图书馆 欢迎您!
大连网信软件有限公司© 版权所有